| 000 | 00939cam a22003131 4500 | ||
|---|---|---|---|
| 999 |
_c478264 _d478264 |
||
| 001 | 7021274 | ||
| 003 | NUST | ||
| 005 | 20180430121833.0 | ||
| 008 | 751205s1960 nyua 000 0 eng | ||
| 010 | _a 60015554 | ||
| 015 | _aGB61-599 | ||
| 020 | _a978-81-203-4633-8 | ||
| 035 | _a(OCoLC)1876151 | ||
| 040 |
_aDLC _cFMU _dOCoLC _dUk _dDLC |
||
| 042 | _apremarc | ||
| 050 | 0 | 0 |
_aQC532 _b.H3 |
| 082 | _a537.01 PRA | ||
| 100 | 1 |
_aPramanik, Ashutosh _910268 |
|
| 245 | 1 | 0 |
_aElectromagnetism Problems with Solutions _cAshutosh Pramanik |
| 260 |
_aIndia _bPHI Learning Private Limited _c2012 |
||
| 300 |
_axiv, 906 _billus. _c23 cm. |
||
| 504 | _aIncludes bibliography. | ||
| 650 | 0 |
_aElectricity _xProblems, exercises, etc. _910269 |
|
| 650 | 0 |
_aElectromagnetic theory. _910270 |
|
| 650 | 0 |
_aElectrodynamics. _94606 |
|
| 700 | 1 |
_aPenhune, John P. _910271 |
|
| 906 |
_a7 _bcbc _coclcrpl _du _encip _f19 _gy-gencatlg |
||
| 942 |
_2ddc _cBK |
||